01358nac a22003371i 4500003000900000005001700009008004100026020002400067040004300091043001200134082002300146245005600169250002300225264005700248300005200305336002600357337002800383338002700411504005200438610002700490650003200517650003900549653001100588655001700599700005200616700002800668942001200696999001500708952014100723952015600864EG-ScBUE20221220111226.0221220r19891983maua f b 001 0 eng d a0674241606 (pbk.) : aEG-ScBUEbengerdacEG-ScBUEdEG-ScBUE af-ua---04a732.80740222bEGY00aEgyptian sculpture /cT.G.H. James and W.V. Davies. aReprinted edition. 1aCambridge, Mass. :bHarvard University Press,c1989. a72 pages :billustrations (some color) ;c22 cm 2rdacontentatextbtxt 2rdamediaaunmediatedbn 2rdacarrieravolumebnc aIncludes bibliographical references and index. 27aBritish Museum.2BUEsh 7aSculpture, Egyptian.2BUEsh 7aSculpturezEnglandzLondon.2BUEsh bENGARC vReading book1 aJames, T. G. H.q(Thomas Garnet Henry)eeditor.1 aDavies, W. V.,eeditor. cBB2ddc c9290d9290 00102ddc40708AlahramaMAINbMAINc2NDd2008-04-29ePurchasel0o732.80740 EGYp000011210r2025-07-15 00:00:00v41.70w2008-04-29yBB 00102ddc40708AlahramaMAINbMAINc2NDd2008-04-29ePurchasel1m1o732.80740 EGYp000011251r2025-07-15 00:00:00s2024-11-13v41.70w2008-05-05yBB